Investing in Stock Markets (Record no. 13205)

MARC details
000 -LEADER
fixed length control field 00424nam a22001817a 4500
003 - CONTROL NUMBER IDENTIFIER
control field OSt
008 - FIXED-LENGTH DATA ELEMENTS--GENERAL INFORMATION
fixed length control field 250402b |||||||| |||| 00| 0 eng d
020 ## - INTERNATIONAL STANDARD BOOK NUMBER
International Standard Book Number 9789357785754
082 ## - DEWEY DECIMAL CLASSIFICATION NUMBER
Classification number 332.604 TRI
100 ## - MAIN ENTRY--PERSONAL NAME
Personal name TRIPATHI,Vanita
245 ## - TITLE STATEMENT
Title Investing in Stock Markets
250 ## - EDITION STATEMENT
Edition statement 8th Ed
260 ## - PUBLICATION, DISTRIBUTION, ETC. (IMPRINT)
Place of publication, distribution, etc New Delhi
Name of publisher, distributor, etc Taxmann
Date of publication, distribution, etc 2024
300 ## - PHYSICAL DESCRIPTION
Extent 348
650 ## - SUBJECT ADDED ENTRY--TOPICAL TERM
Topical term or geographic name as entry element Stock Markets
700 ## - ADDED ENTRY--PERSONAL NAME
Personal name PANWAR,Neeti
942 ## - ADDED ENTRY ELEMENTS (KOHA)
Source of classification or shelving scheme Dewey Decimal Classification
Koha item type Text Books
Holdings
Withdrawn status Lost status Source of classification or shelving scheme Damaged status Not for loan Collection code Home library Current library Date acquired Source of acquisition Currency Cost, normal purchase price Serial Enumeration / chronologySerial Enumeration / Volume No. Bill Number Total Checkouts Full call number Acc. no. / Barcode Date last seen Actual Cost, discounted price Bill Date Koha item type
    Dewey Decimal Classification     MBA PIET C-LIBRARY PIET C-LIBRARY 28/03/2025 Zaffa Books INR 599.00 545 ZBD0594   332.604 TRI 38857 02/04/2025 381.50 28/03/2025 Reference Books
    Dewey Decimal Classification     MBA PIET C-LIBRARY PIET C-LIBRARY 28/03/2025 Zaffa Books INR 599.00 545 ZBD0594   332.604 TRI 38858 02/04/2025 381.50 28/03/2025 Text Books
    Dewey Decimal Classification     MBA PIET C-LIBRARY PIET C-LIBRARY 28/03/2025 Zaffa Books INR 599.00 545 ZBD0594   332.604 TRI 38859 02/04/2025 381.50 28/03/2025 Text Books

Design & Developed by: PIET Central Library
R70 Miles Stone Pattikalyana Samalkha Panipat 132102
mail ID :- [email protected], Phone No:- 0180-2569700 Ex.216